| 000 | 00605nam a2200241Ia 4500 | ||
|---|---|---|---|
| 003 | OSt | ||
| 005 | 20250814092612.0 | ||
| 008 | 210210b2006 xxu||||| |||| 00| 0 eng d | ||
| 020 | _a8121910625 | ||
| 040 | _cAL | ||
| 041 | _aEnglish | ||
| 082 | _a658.1511 PILM | ||
| 100 |
_aPillai R S N _9125456 |
||
| 245 | _aManagement accounting Ed 3 | ||
| 250 | _a3 | ||
| 260 |
_aNew Delhi _bS Chand & Co Ltd _c2006 |
||
| 300 | _axii,644p | ||
| 650 |
_a for BCom ICWA and ICAI _9125457 |
||
| 690 |
_aManagement Accounting _9125458 |
||
| 700 |
_aBhagavathi _9125459 |
||
| 906 | _a061114 | ||
| 942 |
_2ddc _cBK |
||
| 999 |
_c107763 _d107763 |
||